Loading...
Assessing Reading
| Main Author: | |
|---|---|
| Format: | Printed Book |
| Published: |
UK:
Cambridge University Press,
2000.
|
| Series: | The Cambridge Language Assessment Series
|
| Subjects: |
| LEADER | 00549nam a22001697a 4500 | ||
|---|---|---|---|
| 020 | |a 0-521-59999-7 | ||
| 082 | |a 418.4 | ||
| 100 | |a Alderson, J. Charles | ||
| 245 | |a Assessing Reading | ||
| 260 | |a UK: |b Cambridge University Press, |c 2000. | ||
| 300 | |a xiv, 398p. : | ||
| 490 | |a The Cambridge Language Assessment Series | ||
| 504 | |a Includes Bibliography and Index. | ||
| 650 | |a Reading | ||
| 942 | |c BK | ||
| 999 | |c 300430 |d 300430 | ||
| 952 | |0 0 |1 0 |4 0 |6 418_400000000000000_ALD |7 0 |9 320773 |a LIN |b LIN |d 2020-09-29 |l 0 |o 418.4 ALD |p LIN8852 |r 2020-09-29 |w 2020-09-29 |y BK | ||